Countries Of Europe Without Letter I - Statistics

General Stats
  • This quiz has been taken 129 times
    47 since last reset
  • The average score is 16 of 18
Answer Stats
Answer % Correct
Denmark
95%
Sweden
95%
France
92%
Germany
92%
Norway
92%
Portugal
92%
Greece
89%
Andorra
86%
Kosovo
86%
Netherlands
86%
Poland
86%
Luxembourg
84%
Malta
84%
Moldova
84%
Belarus
81%
Hungary
81%
Monaco
81%
Montenegro
81%
No matching quizzes found
Score Distribution
Percent of People with Each Score
Percentile by Number Answered
Your Score History
You have not taken this quiz since the last reset